Hochtouren im tropischen Afrika. (Record no. 131988)
[ view plain ]
| 000 -LEADER | |
|---|---|
| fixed length control field | 00765cam5a220021700 4500 |
| 001 - CONTROL NUMBER | |
| control field | tmp15388243 |
| 003 - CONTROL NUMBER IDENTIFIER | |
| control field | UPRA |
| 005 - DATE AND TIME OF LATEST TRANSACTION | |
| control field | 20190822110320.0 |
| 008 - FIXED-LENGTH DATA ELEMENTS--GENERAL INFORMATION | |
| fixed length control field | 950802s1925 gw ger u |
| 035 ## - SYSTEM CONTROL NUMBER | |
| System control number | (Sirsi) r50799 |
| 035 ## - SYSTEM CONTROL NUMBER | |
| System control number | (UPRA)tmp15388243 |
| 040 ## - CATALOGING SOURCE | |
| Transcribing agency | UPRA |
| 100 1# - MAIN ENTRY--PERSONAL NAME | |
| Personal name | Meyer, Hans, 1858-1929. |
| Dates associated with a name | Meyer, Hans, 1858-1929. |
| Linkage | A8648.1 |
| 245 10 - TITLE STATEMENT | |
| Title | Hochtouren im tropischen Afrika. |
| 260 ## - PUBLICATION, DISTRIBUTION, ETC. | |
| Place of publication, distribution, etc. | Leipzig : |
| Name of publisher, distributor, etc. | Brockhuns, |
| Date of publication, distribution, etc. | 1925. |
| 440 #0 - SERIES STATEMENT/ADDED ENTRY--TITLE | |
| Title | Reisen und Abenteuer ; |
| Volume/sequential designation | 25 |
| Linkage | S2565.1 |
| 651 #0 - SUBJECT ADDED ENTRY--GEOGRAPHIC NAME | |
| Geographic name | Africa, East -- Description and travel. |
| General subdivision | Africa, East -- Description and travel. |
| Linkage | S5730.1 |
| 651 #0 - SUBJECT ADDED ENTRY--GEOGRAPHIC NAME | |
| Geographic name | Tenerife -- Description and travel. |
| General subdivision | Tenerife -- Description and travel. |
| Linkage | S5731.1 |
| 949 ## - LOCAL PROCESSING INFORMATION (OCLC) | |
| a | DT440 |
| w | lcc |
| i | -64358 |
| m | MAIN |
| t | BOOK |
| l | ON-SHELF |
No items available.